| 000 | 00791nam a22002177a 4500 | ||
|---|---|---|---|
| 003 | CBULib | ||
| 005 | 20250722093859.0 | ||
| 008 | 231109b |||||||| |||| 00| 0 eng d | ||
| 040 |
_aCBULib _bEnglish _cCBULib _dCBULib _erda |
||
| 050 | _aCBU(058)AR/2009 | ||
| 110 |
_91351 _aThe Copperbelt University(CBU) |
||
| 245 |
_aThe Copperbelt University : annual report for the year 2009 _b/ by The Copperbelt University(CBU) |
||
| 260 |
_aKitwe : _bCopperbelt University, _c2009. |
||
| 300 | _a48 pages.:illustrations | ||
| 336 |
_2rdacontent _aText | _btxt |
||
| 337 |
_2rdamedia _aUnmediated | _bc |
||
| 338 |
_2rdacarrier _aVolume _bnc |
||
| 650 | 0 |
_94466 _aANNUAL REPORTS (COPPERBELT UNIVERSITY)--ZAMBIA |
|
| 650 | 0 |
_94589 _aUNIVERSITIES AND COLLEGES--ZAMBIA--ANNUAL REPORTS |
|
| 942 |
_2mc _c030 |
||
| 999 |
_c83536 _d83536 |
||